Diccionario de términos asociados en teoría literaria /

Shranjeno v:
Bibliografske podrobnosti
Glavni avtor: Amoretti Hurtado, María Gertrudis
Format: Knjiga
Jezik:Spanish
Izdano: San José, Costa Rica Editorial de la Universidad de Costa Rica 1992
Teme:
Oznake: Označite
Brez oznak, prvi označite!

MARC

LEADER 00000nam a22000007a 4500
008 140703s1992 cr a|||f |||| 001 0 spa d
082 |a 801.950.3  |b A524d 
100 1 |a Amoretti Hurtado, María Gertrudis  |9 64 
245 1 0 |a Diccionario de términos asociados en teoría literaria /  |c María Amoretti H. 
260 |a San José, Costa Rica  |b Editorial de la Universidad de Costa Rica  |c 1992 
300 |a 124 páginas :  |b ilustraciones 
650 1 7 |a LITERATURA  |v DICCIONARIOS  |x HISTORIA Y CRITICA 
942 |2 ddc  |c BK 
999 |c 3344  |d 3344